The Eclipse of Citizenship: Power and Participation in Contemporary Politics
Guardat en:
| Autor principal: | |
|---|---|
| Format: | Text |
| Publicat: |
New York, N.Y.:
Holt,
Rienhart and Winston, Inc.
|
| Etiquetes: |
Afegir etiqueta
Sense etiquetes, Sigues el primer a etiquetar aquest registre!
|
MARC
| LEADER | 00000 a a2200000 04500 | ||
|---|---|---|---|
| 001 | 20287 | ||
| 003 | |||
| 040 | |||
| 090 | |a 030100 | ||
| 100 | |a Pranger, Robert J. | ||
| 245 | |a The Eclipse of Citizenship: Power and Participation in Contemporary Politics | ||
| 260 | |a New York, N.Y.: |b Holt, |c Rienhart and Winston, Inc. | ||
| 300 | |a 110 p. |b **no definido** | ||
| 999 | |c 12610 |d 12610 | ||
